000 00606nam a2200193 a 4500
001 000021734
005 20200930011429.0
008 091207s1999 pr a 000 0 spa d
020 _a1563280019
040 _aDO-SdBNP
_bspa
_cBNPHU
090 _axxxx
_bO58i
100 1 _aOnieva Morales, Juan Luis
_932059
245 1 0 _aIntercomunicación 1 :
_bcurso básico para el aprendizaje activo del español /
_cJuan Luis Onieva Morales.
250 _a16a ed.
260 _aSan Juan, Puerto Rico :
_bPlaza Playor,
_c1999.
300 _a259 p. :
_bil. ;
_c27 cm.
500 _aEdición definitiva.
049 _aBNGR
999 _c21233
_d21233